Catalog

Record Details

Catalog Search



Available copies

  • 2 of 2 copies available at LARL/NWRL Consortium. (Show)
  • 1 of 1 copy available at Northwest Regional Library.

Current holds

0 current holds with 2 total copies.

Show All Copies
Location Call Number / Copy Notes Barcode Shelving Location Status Due Date
Godel Memorial-Warren Library j MCB (Text) 35500006827636 Main Available -

Record details

  • ISBN: 9781250908780
  • ISBN: 1250908787
  • Physical Description: 214 pages : illustrations ; 22 cm
  • Edition: First edition.
  • Publisher: New York : Feiwel and Friends, 2024.

Content descriptions

Summary, etc.:
Award-winning author Amber McBride explores being ... Read More
Target Audience Note:
Ages 8-12 Feiwel and Friends.
Subject: Mothers and sons > Juvenile fiction.
Dementia > Juvenile fiction.
Civil rights movements > Juvenile fiction.
African Americans > Juvenile fiction.
Novels in verse.
Genre: Young adult fiction.
Young adult fiction.
Novels in verse.
Fiction.
LDR 02577cam a22006374i 4500
001446845
003LARL_NWRL_CONSORTIUM
00520241106214214.0
008240925t20242024nyua d 000 f eng
040 . ‡aRR1 ‡beng ‡erda ‡cRR1 ‡dRR1 ‡dOJ4 ‡dOCLCO
020 . ‡a9781250908780 ‡q(hardcover)
020 . ‡a1250908787 ‡q(hardcover)
035 . ‡a(OCoLC)1457094578
1001 . ‡aMcBride, Amber, ‡eauthor. ‡1https://id.oclc.org/worldcat/entity/E39PCjqG77ptPhDqGDYCmpm8G3
24510. ‡aOnyx & beyond / ‡cAmber McBride.
2463 . ‡aOnyx and beyond
250 . ‡aFirst edition.
264 1. ‡aNew York : ‡bFeiwel and Friends, ‡c2024.
264 4. ‡c©2024
300 . ‡a214 pages : ‡billustrations ; ‡c22 cm
336 . ‡atext ‡btxt ‡2rdacontent
337 . ‡aunmediated ‡bn ‡2rdamedia
338 . ‡avolume ‡bnc ‡2rdacarrier
520 . ‡aAward-winning author Amber McBride explores being young and Black in America in this middle-grade novel about a boy dealing with his mother's descent into early-onset dementia, set amid the Civil Rights movement of the 1960s.
521 . ‡aAges 8-12 ‡bFeiwel and Friends.
650 0. ‡aMothers and sons ‡vJuvenile fiction.
650 0. ‡aDementia ‡vJuvenile fiction.
650 0. ‡aCivil rights movements ‡vJuvenile fiction.
650 0. ‡aAfrican Americans ‡vJuvenile fiction. ‡0(LARL_NWRL_CONSORTIUM)163089
650 0. ‡aNovels in verse. ‡0(LARL_NWRL_CONSORTIUM)161733
655 0. ‡aYoung adult fiction.
655 7. ‡aYoung adult fiction. ‡2gsafd
655 7. ‡aNovels in verse. ‡2lcgft
655 7. ‡aFiction. ‡2lcgft
905 . ‡uvanderl
901 . ‡a446845 ‡bAUTOGEN ‡c446845 ‡tbiblio ‡soclc

Additional Resources